| 000 | 00775nam a2200265 a 4500 | ||
|---|---|---|---|
| 003 | MX-MxUPN | ||
| 005 | 20221203063613.0 | ||
| 008 | 191204t2007 sp r 000 0 spa d | ||
| 020 | _a9788449320514 | ||
| 035 | _aUPN01000234651 | ||
| 040 |
_aMX-MxUPN _bspa _cMX-MxUPN |
||
| 041 | 1 |
_aspa _hfre |
|
| 050 | 1 | 4 |
_aD863 _bA88 2007 |
| 100 | 1 |
_aAttali, Jacques _943713 |
|
| 240 | 1 | 0 |
_aBrève histoire de l'avenir. _lEspañol |
| 245 | 1 | 0 | _aBreve historia del futuro |
| 260 |
_aBarcelona : _bPaidós, _c©2007 |
||
| 300 | _a243 páginas | ||
| 490 | 0 | _aPaidós Estado y sociedad | |
| 650 | 4 |
_aPolítica mundial _ySiglo XXI _xPronósticos _947544 |
|
| 650 | 4 |
_aPronóstico de la economía _92533 |
|
| 902 | _aVíctor Ruiz/021222 | ||
| 942 |
_2lcc _cLIBRO |
||
| 999 |
_c206746 _d206746 |
||